Sports Quiz

Random Sports or NCAA Quiz

Michigan Wolverines Opener Opponents Quiz Stats

 Plays Quiz not verified by Sporcle

Challenge
Share
Tweet
Embed
Score 0/118 Timer 09:00
0 Plays Today
Yr School % Correct
2017Florida
100%
1999Notre Dame
89.4%
1998Notre Dame
89.4%
1992Notre Dame
89.4%
1990Notre Dame
89.4%
1989Notre Dame
89.4%
1988Notre Dame
89.4%
1987Notre Dame
89.4%
1986Notre Dame
89.4%
1985Notre Dame
89.4%
2012Alabama
89.1%
2015Utah
87.6%
2013Central Michigan
85.7%
2003Central Michigan
85.7%
1931Central State
85.7%
2011Western Michigan
83.4%
2009Western Michigan
83.4%
1952Michigan State
80.6%
1951Michigan State
80.6%
1950Michigan State
80.6%
1949Michigan State
80.6%
1948Michigan State
80.6%
1947Michigan State
80.6%
1941Michigan State
80.6%
1939Michigan State
80.6%
1938Michigan State
80.6%
1937Michigan State
80.6%
1936Michigan State
80.6%
1935Michigan State
80.6%
1934Michigan State
80.6%
1933Michigan State
80.6%
1932Michigan State
80.6%
1925Michigan State
80.6%
2016Hawaii
77%
2007Appalachian State
76.9%
2014Appalachian State
76.3%
2008Utah
74.3%
1996Illinois
73.6%
1978Illinois
73.6%
1977Illinois
73.6%
Yr School % Correct
1946Indiana
73.3%
2004Miami (OH)
73.1%
2001Miami (OH)
73.1%
1984Miami (FL)
73.1%
1924Miami (OH)
73.1%
1982Wisconsin
71.3%
1981Wisconsin
71.3%
1976Wisconsin
71.3%
1975Wisconsin
71.3%
1974Iowa
70.8%
1973Iowa
70.8%
1958USC
69.9%
1957USC
69.9%
2002Washington
69.5%
1954Washington
69.5%
1953Washington
69.5%
1960Oregon
69.4%
1961UCLA
67.7%
1956UCLA
67.7%
1997Colorado
61.5%
1980Northwestern
61.2%
1979Northwestern
61.2%
1972Northwestern
61.2%
1971Northwestern
61.2%
1962Nebraska
60.3%
1944Iowa Pre-Flight
60.2%
2010Connecticut
60.1%
1995Virginia
59.6%
1945Naval Station Great Lakes
59.5%
1942Naval Station Great Lakes
59.5%
1968California
58%
1943Camp Grant
58%
1940California
58%
1993Washington State
56.5%
1983Washington State
56.5%
1966Oregon State
54.7%
1970Arizona
51.6%
2000Bowling Green
50.1%
1964Air Force
48%
1965North Carolina
47.9%
Yr School % Correct
1926Oklahoma A&M
46.1%
2006Vanderbilt
45.3%
1969Vanderbilt
45.3%
2005Northern Illinois
43.1%
1959Missouri
42.9%
1955Missouri
42.9%
1967Duke
40%
1994Boston College
39.2%
1991Boston College
39.2%
1963SMU
25.4%
1923Case
18.8%
1922Case
18.8%
1920Case
18.8%
1919Case
18.8%
1918Case
18.8%
1917Case
18.8%
1913Case
18.8%
1912Case
18.8%
1911Case
18.8%
1910Case
18.8%
1909Case
18.8%
1908Case
18.8%
1907Case
18.8%
1906Case
18.8%
1904Case
18.8%
1903Case
18.8%
1929Albion
18.3%
1902Albion
18.3%
1901Albion
18.3%
1928Ohio Wesleyan
8.2%
1927Ohio Wesleyan
8.2%
1905Ohio Wesleyan
8.2%
1900Hillsdale
6.1%
1921Mount Union
6%
1915Lawrence
5.3%
1916Marietta
5%
1914DePauw
4.8%
1930Denison
4.3%

You're not logged in!

Compare scores with friends on all Sporcle quizzes.
Join for Free
OR
Log In

You Might Also Like...

Show Comments

Extras

Top Quizzes Today


Score Distribution

Your Account Isn't Verified!

In order to create a playlist on Sporcle, you need to verify the email address you used during registration. Go to your Sporcle Settings to finish the process.

Report this User

Report this user for behavior that violates our Community Guidelines.

Details: